Formula 1: Teammates by Driver #2 - Statistics

General Stats
  • This quiz has been taken 1,866 times
    794 since last reset
  • The average score is 29 of 50
Answer Stats
Driver Seasons Teammate Country Team % Correct
Fernando Alonso 2023- Lance Stroll Canada Aston Martin
99%
Fernando Alonso 2021-2022 Esteban Ocón France Alpine
97%
Fernando Alonso 2014 Kimi Räikkönen Finland Ferrari
92%
Fernando Alonso 2007 Lewis Hamilton United Kingdom McLaren
89%
Fernando Alonso 2010-2013 Felipe Massa Brazil Ferrari
88%
Michael Schumacher 2006 Felipe Massa Brazil Ferrari
88%
Jacques Villeneuve 2005 Felipe Massa Brazil Sauber
88%
Fernando Alonso 2015-2016 Jenson Button United Kingdom McLaren
85%
Jacques Villeneuve 2003 Jenson Button United Kingdom BAR
85%
Michael Schumacher 2010-2012 Nico Rosberg Germany Mercedes
85%
Michael Schumacher 2000-2005 Rubens Barrichello Brazil Ferrari
81%
Fernando Alonso 2004 Jacques Villeneuve Canada Renault
78%
Damon Hill 1996 Jacques Villeneuve Canada Williams
78%
Mika Häkkinen 1993 Ayrton Senna Brazil McLaren
73%
Damon Hill 1994 Ayrton Senna Brazil Williams
73%
Fernando Alonso 2017-2018 Stoffel Vandoorne Belgium McLaren
71%
Mika Häkkinen 1996-2001 David Coulthard United Kingdom McLaren
70%
Damon Hill 1994, 1995 David Coulthard United Kingdom Williams
70%
Fernando Alonso 2005-2006 Giancarlo Fisichella Italy Renault
70%
Michael Schumacher 1991 Nelson Piquet Brazil Benetton
70%
Michael Schumacher 1994 Jos Verstappen Netherlands Benetton
69%
Fernando Alonso 2008-2009 Nelson Piquet jr. Brazil Renault
69%
Jacques Villeneuve 1996 Damon Hill United Kingdom Williams
68%
Michael Schumacher 1996-1999 Eddie Irvine United Kingdom Ferrari
64%
Damon Hill 1993 Alain Prost France Williams
61%
Jacques Villeneuve 2004 Fernando Alonso Spain Renault
60%
Fernando Alonso 2003-2004 Jarno Trulli Italy Renault
60%
Mika Häkkinen 1995 Nigel Mansell United Kingdom McLaren
58%
Damon Hill 1994 Nigel Mansell United Kingdom Williams
58%
Fernando Alonso 2009 Romain Grosjean France Renault
56%
Damon Hill 1998 Ralf Schumacher Germany Jordan
54%
Jacques Villeneuve 1997-1998 Heinz-Harald Frentzen Germany Williams
53%
Damon Hill 1999 Heinz-Harald Frentzen Germany Jordan
53%
Jacques Villeneuve 2006 Nick Heidfeld Germany BMW Sauber
51%
Jacques Villeneuve 1999 Mika Salo Finland BAR
42%
Michael Schumacher 1994-1995 Johnny Herbert United Kingdom Benetton
39%
Mika Häkkinen 1991-1992 Johnny Herbert United Kingdom Lotus
39%
Michael Schumacher 1993 Riccardo Patrese Italy Benetton
39%
Michael Schumacher 1992 Martin Brundle United Kingdom Benetton
38%
Mika Häkkinen 1994 Martin Brundle United Kingdom McLaren
38%
Fernando Alonso 2001 Alex Yoong Malaysia Minardi
34%
Michael Schumacher 1994 JJ Lehto Finland Benetton
32%
Jacques Villeneuve 2001-2002 Olivier Panis France BAR
30%
Michael Schumacher 1991 Andrea de Cesaris Italy Jordan
24%
Mika Häkkinen 1995 Mark Blundell United Kingdom McLaren
21%
Jacques Villeneuve 1999-2000 Ricardo Zonta Brazil BAR
20%
Fernando Alonso 2001 Tarso Marques Brazil Minardi
19%
Damon Hill 1997 Pedro Diniz Brazil Arrows
14%
Damon Hill 1992 Eric van de Poele Belgium Brabham
5%
Mika Häkkinen 1991 Julian Bailey United Kingdom Lotus
4%
No matching quizzes found
Score Distribution
Percent of People with Each Score
Percentile by Number Answered
Your Score History
You have not taken this quiz since the last reset